|
|
|
|
| LEADER |
01552nam a2200373 a 4500 |
| 001 |
EBC1215507 |
| 003 |
MiAaPQ |
| 005 |
20200520144314.0 |
| 006 |
m o d | |
| 007 |
cr cn||||||||| |
| 008 |
130625s2013 enkab sb 001 0 eng d |
| 020 |
|
|
|z 9781781905937
|
| 020 |
|
|
|a 9781781905944 (electronic bk.)
|
| 035 |
|
|
|a (MiAaPQ)EBC1215507
|
| 035 |
|
|
|a (Au-PeEL)EBL1215507
|
| 035 |
|
|
|a (CaPaEBR)ebr10721221
|
| 035 |
|
|
|a (CaONFJC)MIL503081
|
| 035 |
|
|
|a (OCoLC)854973238
|
| 040 |
|
|
|a MiAaPQ
|c MiAaPQ
|d MiAaPQ
|
| 050 |
|
4 |
|a HD3850
|b .U73 2013
|
| 245 |
0 |
0 |
|a Urban megaprojects
|h [electronic resource] :
|b a worldwide view /
|c edited by Gerardo del Cerro Santamaria.
|
| 250 |
|
|
|a 1st ed.
|
| 260 |
|
|
|a Bingley [England] :
|b Emerald Insight,
|c 2013.
|
| 300 |
|
|
|a xlix, 353 p. :
|b ill. (some col.), maps.
|
| 440 |
|
0 |
|a Research in urban sociology,
|x 1047-0042 ;
|v v. 13
|
| 504 |
|
|
|a Includes bibliographical references and index.
|
| 505 |
0 |
|
|a pt. 1. UMPs as national projects -- pt. 2. Planning, politics, scales -- pt. 3. Architecture, design, iconicity -- pt. 4. Conflict, opposition, struggles.
|
| 533 |
|
|
|a Electronic reproduction. Ann Arbor, MI : ProQuest, 2015. Available via World Wide Web. Access may be limited to ProQuest affiliated libraries.
|
| 650 |
|
0 |
|a Public works
|x Management.
|
| 650 |
|
0 |
|a Project management.
|
| 655 |
|
4 |
|a Electronic books.
|
| 700 |
1 |
|
|a Cerro Santamaria, Gerardo del.
|
| 710 |
2 |
|
|a ProQuest (Firm)
|
| 856 |
4 |
0 |
|u https://ebookcentral.proquest.com/lib/matrademy/detail.action?docID=1215507
|z Click to View
|